[Event "COL-ch U16"]
[Site "Medellin"]
[Date "2025.04.27"]
[Round "7"]
[White "Rodas Florez, Cristian David"]
[Black "Lucio Pinzon, Santiago"]
[Result "0-1"]
[WhiteElo "1497"]
[BlackElo "1630"]
[PlyCount "136"]
[EventDate "2025.04.24"]
[EventType "swiss"]
[EventRounds "7"]
[EventCountry "COL"]
[SourceTitle "CB18_2025"]
[SourceDate "2025.04.30"]
[SourceVersion "1"]
[SourceVersionDate "2025.04.30"]
[SourceQuality "1"]

1. c4 e6 2. Nc3 d5 3. cxd5 exd5 4. d4 Be7 5. g3 Nf6 6. Bg2 0-0 7. Nf3 b6 8. 0-0 Bb7 9. Bf4 Nbd7 10. Rc1 c5 11. Na4 Rc8 12. Be3 c4 13. Nc3 Bd6 14. Bg5 h6 15. Bxf6 Nxf6 16. e3 Re8 17. Re1 Qd7 18. h3 b5 19. a3 a5 20. Re2 Bc6 21. Nb1 b4 22. Qe1 Bb5 23. Rd2 Ne4 24. Rdd1 Ba4 25. Nfd2 Bxd1 26. Nxe4 dxe4 27. Qxd1 Qe7 28. a4 f5 29. h4 Rc7 30. Qh5 Qf7 31. Qe2 Rec8 32. Qd2 c3 33. bxc3 bxc3 34. Qc2 Qc4 35. Bf1 Qb4 36. Qa2+ Kh8 37. Rc2 Be7 38. h5 Qb6 39. Be2 g6 40. hxg6 Qxg6 41. Qb3 Bb4 42. Qd5 h5 43. Qe5+ Kh7 44. Qf4 Bd6 45. Qh4 Kh6 46. Bb5 f4 47. exf4 e3 48. Qg5+ Qxg5 49. fxg5+ Kxg5 50. fxe3 Bxg3 51. Kg2 Bh4 52. Kf3 Rf7+ 53. Ke4 Be1 54. Kd3 h4 55. Ke2 Rf2+ 56. Kd3 h3 57. Ba6 Rc7 58. Rc1 c2 59. Rxe1 c1Q 60. Rxc1 Rxc1 61. Nc3 Rxc3+ 62. Kxc3 h2 63. Bb7 Rf1 64. Kd3 Kg4 65. Ke2 Ra1 66. Bc6 Rxa4 67. d5 h1Q 68. Bxa4 Qxd5 0-1

[Event "COL-ch U16"]
[Site "Medellin"]
[Date "2025.04.25"]
[Round "2"]
[White "Castrillon, Pablo Cesar"]
[Black "Lucio Pinzon, Santiago"]
[Result "0-1"]
[WhiteElo "1400"]
[BlackElo "1630"]
[PlyCount "48"]
[EventDate "2025.04.24"]
[EventType "swiss"]
[EventRounds "7"]
[EventCountry "COL"]
[SourceTitle "CB18_2025"]
[SourceDate "2025.04.30"]
[SourceVersion "1"]
[SourceVersionDate "2025.04.30"]
[SourceQuality "1"]

1. e4 e5 2. Nf3 Nc6 3. Bc4 Bc5 4. c3 Nf6 5. d4 exd4 6. e5 d5 7. Bb3 Ne4 8. 0-0 0-0 9. cxd4 Bb4 10. Qd3 Bf5 11. Qb5 Rb8 12. a3 Ba5 13. Qxd5 Qe7 14. Ba4 Rbd8 15. Qc4 Be6 16. Qc2 Bd5 17. Qd3 Bb6 18. Nbd2 Nxd2 19. Bxd2 Bxf3 20. Qxf3 Nxd4 21. Qxb7 Ne2+ 22. Kh1 Rxd2 23. b4 Qxe5 24. Rfe1 Bxf2 0-1

[Event "COL-ch U16"]
[Site "Medellin"]
[Date "2025.04.24"]
[Round "1"]
[White "Lucio Pinzon, Santiago"]
[Black "Rueda Ahumada, Gabriel Omar"]
[Result "0-1"]
[WhiteElo "1630"]
[BlackElo "2015"]
[PlyCount "108"]
[EventDate "2025.04.24"]
[EventType "swiss"]
[EventRounds "7"]
[EventCountry "COL"]
[SourceTitle "CB18_2025"]
[SourceDate "2025.04.30"]
[SourceVersion "1"]
[SourceVersionDate "2025.04.30"]
[SourceQuality "1"]

1. e4 e5 2. Nf3 Nc6 3. Bc4 Nf6 4. d3 Be7 5. c3 0-0 6. h3 d6 7. Be3 Na5 8. Bb5 a6 9. Ba4 b5 10. Bc2 c5 11. Nbd2 Nc6 12. 0-0 Qc7 13. Qe2 Nd8 14. Rac1 Ne6 15. d4 Nh5 16. dxc5 Nef4 17. Bxf4 Nxf4 18. Qe3 dxc5 19. Rfd1 c4 20. Nf1 Bc5 21. Qe1 Bxh3 22. gxh3 Nxh3+ 23. Kg2 Nf4+ 24. Kh1 Qc8 25. N1h2 Re8 26. Rd2 Re6 27. b4 Bb6 28. Rcd1 Rh6 29. Rd7 Nd3 30. Bxd3 Qxd7 31. Bf1 Rd6 32. Rb1 f6 33. Kg2 Rd8 34. Be2 Qc6 35. Bd1 Qd7 36. Be2 Kh8 37. Kg3 Qe8 38. Ng4 Qg6 39. Bd1 Rd3 40. Bc2 h5 41. Bxd3 Qxg4+ 42. Kh2 Rxd3 43. Ng1 Qf4+ 44. Kg2 Rd2 45. Nh3 Qg4+ 46. Kh2 Rd3 47. Ng1 h4 48. Rc1 h3 49. Qf1 Qf4+ 50. Kh1 Bxf2 51. Nxh3 Qxe4+ 52. Kh2 Bg3+ 53. Kg1 Qe3+ 54. Kh1 Rd2 0-1

[Event "Medellin Sub zt 2.3.2"]
[Site "Medellin"]
[Date "2025.04.16"]
[Round "5"]
[White "Lucio Pinzon, Santiago"]
[Black "Cardona, Juan Ricardo"]
[Result "0-1"]
[WhiteElo "1630"]
[BlackElo "1903"]
[PlyCount "98"]
[EventDate "2025.04.14"]
[EventType "swiss"]
[EventRounds "9"]
[EventCountry "COL"]
[SourceTitle "CB18_2025"]
[SourceDate "2025.04.30"]
[SourceVersion "1"]
[SourceVersionDate "2025.04.30"]
[SourceQuality "1"]

1. e4 c6 2. d4 d5 3. f3 e6 4. Nc3 Bb4 5. Bd2 Nd7 6. a3 Bxc3 7. Bxc3 dxe4 8. Nh3 Ngf6 9. Qe2 exf3 10. Qxf3 Qc7 11. 0-0-0 b6 12. Bd3 Bb7 13. Rhf1 0-0-0 14. Bd2 c5 15. Qf2 cxd4 16. Ng5 Nc5 17. Kb1 h6 18. Bf4 e5 19. Bxe5 Qxe5 20. Nxf7 Qd5 21. Nxh8 Rxh8 22. Qf5+ Kb8 23. Qxd5 Bxd5 24. Rf5 Nxd3 25. cxd3 Re8 26. Rd2 Bb3 27. Rf1 Ng4 28. h3 Ne3 29. Re2 Rc8 30. Rf4 Bc2+ 31. Ka2 Bxd3 32. Rd2 Bc4+ 33. b3 Bd5 34. g3 d3 35. Rd4 Rc2+ 36. Rxc2 dxc2 37. Kb2 Bxb3 38. Rd3 Nd1+ 39. Kc1 Ba4 40. Rd4 b5 41. Rd7 Nc3 42. Re7 Na2+ 43. Kb2 c1Q+ 44. Kxa2 Qc2+ 45. Ka1 Bb3 46. Re8+ Kc7 47. Re7+ Kd6 48. Rd7+ Kxd7 49. a4 Qc1# 0-1

[Event "Medellin Sub zt 2.3.2"]
[Site "Medellin"]
[Date "2025.04.14"]
[Round "1"]
[White "Lucio Pinzon, Santiago"]
[Black "Hernandez, Elvert"]
[Result "0-1"]
[WhiteElo "1630"]
[BlackElo "1973"]
[PlyCount "112"]
[EventDate "2025.04.14"]
[EventType "swiss"]
[EventRounds "9"]
[EventCountry "COL"]
[SourceTitle "CB18_2025"]
[SourceDate "2025.04.30"]
[SourceVersion "1"]
[SourceVersionDate "2025.04.30"]
[SourceQuality "1"]

1. e4 c5 2. Nf3 Nc6 3. d4 cxd4 4. Nxd4 Nf6 5. Nc3 e5 6. Nf5 d5 7. exd5 Bxf5 8. dxc6 Qxd1+ 9. Nxd1 bxc6 10. Ne3 Be6 11. Bd2 Bc5 12. Bd3 0-0 13. 0-0 Rfd8 14. Rfd1 Bd4 15. c3 Bb6 16. Bc2 Rab8 17. h3 Rd7 18. Nf1 Rbd8 19. Bg5 Rxd1 20. Bxd1 h6 21. Be3 Nd5 22. Bd2 Nf4 23. Bxf4 exf4 24. Bf3 Bc4 25. Rd1 Rxd1 26. Bxd1 Bxa2 27. b3 Bb1 28. Bf3 c5 29. Nd2 Bc2 30. Kf1 Ba5 31. Be4 Bxc3 32. Bxc2 Bxd2 33. Ke2 Bb4 34. Kf3 Bd2 35. Ke2 Bc1 36. Kd3 Bb2 37. Kc4 Bd4 38. b4 Bxf2 39. bxc5 Kf8 40. Kd5 Ke7 41. Ba4 Be3 42. c6 Bb6 43. Ke4 Bc7 44. Kd5 a6 45. Bb3 f5 46. Kc5 g5 47. Bc4 a5 48. Kb5 g4 49. Ka6 f3 50. Bf1 a4 51. gxf3 a3 52. Bc4 gxh3 53. f4 Kd6 54. Kb7 h2 55. Bd5 h1Q 56. Bxh1 a2 0-1

[Event "Medellin Sub zt 2.3.2"]
[Site "Medellin"]
[Date "2025.04.14"]
[Round "2"]
[White "Paulino Rosario, Dalver"]
[Black "Lucio Pinzon, Santiago"]
[Result "0-1"]
[WhiteElo "1854"]
[BlackElo "1630"]
[PlyCount "50"]
[EventDate "2025.04.14"]
[EventType "swiss"]
[EventRounds "9"]
[EventCountry "COL"]
[SourceTitle "CB18_2025"]
[SourceDate "2025.04.30"]
[SourceVersion "1"]
[SourceVersionDate "2025.04.30"]
[SourceQuality "1"]

1. e4 e5 2. Nf3 Nc6 3. Bb5 Nge7 4. c3 g6 5. d4 exd4 6. cxd4 Bg7 7. 0-0 0-0 8. Bg5 a6 9. Bxc6 dxc6 10. Nc3 h6 11. Be3 Bg4 12. h3 Bxf3 13. Qxf3 Nc8 14. e5 Nb6 15. Rad1 Nc4 16. Bc1 Qe7 17. b3 Nb6 18. Ne4 Nd5 19. Rfe1 Rad8 20. Nc5 b6 21. Ne4 c5 22. dxc5 Qxe5 23. Nd6 Qc3 24. Qxd5 bxc5 25. Ne4 Qxe1+ 0-1

[Event "Medellin Castro Memorial op-A 31st"]
[Site "Medellin"]
[Date "2024.08.11"]
[Round "10"]
[White "Lucio Pinzon, Santiago"]
[Black "Cuervo Velasquez, Juan Manuel"]
[Result "0-1"]
[WhiteElo "1722"]
[BlackElo "1811"]
[PlyCount "122"]
[EventDate "2024.08.07"]
[EventType "swiss"]
[EventRounds "10"]
[EventCountry "COL"]
[SourceTitle "CBM 221 Extra"]
[Source "ChessBase"]
[SourceDate "2024.09.30"]
[SourceVersion "1"]
[SourceVersionDate "2024.09.30"]
[SourceQuality "1"]

1. e4 c5 2. Nf3 d6 3. d4 cxd4 4. Nxd4 Nf6 5. Nc3 a6 6. Bc4 e6 7. Be3 b5 8. Bb3 b4 9. Na4 Nxe4 10. Nf3 Bd7 11. Nb6 Ra7 12. Nxd7 Rxd7 13. Ba4 Be7 14. Bxd7+ Nxd7 15. Qd4 d5 16. 0-0-0 Bf6 17. Qxb4 a5 18. Qb3 0-0 19. h4 Qc7 20. Nd4 Rb8 21. Nb5 Qc6 22. a4 Ndc5 23. Bxc5 Nxc5 24. Qg3 Rb6 25. b3 Ne4 26. Qe3 Rxb5 27. axb5 Qxb5 28. Rd4 Bxd4 29. Qxd4 Qe2 30. Rd1 Nxf2 31. Rd2 Qe1+ 32. Kb2 Ne4 33. Rd1 Qxh4 34. g3 Qg4 35. Rd3 h5 36. c4 dxc4 37. bxc4 Qf5 38. Re3 Qf2+ 39. Ka3 Nxg3 40. c5 Nf5 41. Qd8+ Kh7 42. Rc3 Nd4 43. Qxa5 Qe1 44. c6 Qa1+ 45. Kb4 Qxa5+ 46. Kxa5 Nxc6+ 47. Rxc6 g5 48. Kb5 Kg6 49. Kc4 Kf5 50. Kd3 e5 51. Ke3 f6 52. Rc4 g4 53. Kf2 h4 54. Kg2 e4 55. Kf2 Kf4 56. Ra4 f5 57. Rb4 g3+ 58. Kg2 Kg4 59. Rc4 h3+ 60. Kf1 Kf3 61. Rc2 e3 0-1

[Event "Medellin Castro Memorial op-A 31st"]
[Site "Medellin"]
[Date "2024.08.09"]
[Round "6"]
[White "Toro Castaneda, Elizabeth"]
[Black "Lucio Pinzon, Santiago"]
[Result "1-0"]
[WhiteElo "2026"]
[BlackElo "1722"]
[PlyCount "37"]
[EventDate "2024.08.07"]
[EventType "swiss"]
[EventRounds "10"]
[EventCountry "COL"]
[SourceTitle "CBM 221 Extra"]
[Source "ChessBase"]
[SourceDate "2024.09.30"]
[SourceVersion "1"]
[SourceVersionDate "2024.09.30"]
[SourceQuality "1"]

1. e4 e5 2. Nf3 Nc6 3. Bb5 Bc5 4. 0-0 d6 5. c3 a6 6. Bxc6+ bxc6 7. d4 exd4 8. cxd4 Bb6 9. Bg5 Ne7 10. h3 a5 11. Re1 Ba6 12. e5 d5 13. Qc1 0-0 14. Bxe7 Qxe7 15. Qxc6 Qb4 16. Nc3 Qxb2 17. Rab1 Qc2 18. Rec1 Qf5 19. Nxd5 1-0

[Event "Medellin Castro Memorial op-A 31st"]
[Site "Medellin"]
[Date "2024.08.07"]
[Round "1"]
[White "Cuellar, Oscar"]
[Black "Lucio Pinzon, Santiago"]
[Result "0-1"]
[WhiteElo "2022"]
[BlackElo "1722"]
[PlyCount "102"]
[EventDate "2024.08.07"]
[EventType "swiss"]
[EventRounds "10"]
[EventCountry "COL"]
[SourceTitle "CBM 221 Extra"]
[Source "ChessBase"]
[SourceDate "2024.09.30"]
[SourceVersion "1"]
[SourceVersionDate "2024.09.30"]
[SourceQuality "1"]

1. d4 d5 2. Bf4 e6 3. Nf3 Be7 4. e3 Nf6 5. Bd3 0-0 6. Nbd2 b6 7. Ne5 Bb7 8. Qf3 Nbd7 9. g4 c5 10. c3 Rc8 11. g5 Ne4 12. Nxe4 dxe4 13. Bxe4 Nxe5 14. dxe5 Bxe4 15. Qxe4 Bxg5 16. Rg1 Bxf4 17. Qxf4 f6 18. Rd1 Qe7 19. Rd6 fxe5 20. Qxe5 Rf6 21. Ke2 Re8 22. Rgd1 Rf7 23. Rc6 Qh4 24. f3 Qc4+ 25. Kf2 Qxa2 26. Rd2 Qc4 27. f4 Rf5 28. Qc7 Rd5 29. Rxd5 Qxd5 30. Rd6 Qh1 31. Rd7 Qxh2+ 32. Kf3 Qh1+ 33. Ke2 Qg2+ 34. Kd3 h5 35. Qe5 Qg6+ 36. e4 h4 37. Rxa7 h3 38. Qg5 Qxg5 39. fxg5 h2 40. Ra1 Kf7 41. Rh1 Rh8 42. Ke3 Kg6 43. Kf4 Rh4+ 44. Ke5 Kxg5 45. Kxe6 Rxe4+ 46. Kd5 Rh4 47. Kc6 Kg4 48. Kxb6 Kg3 49. Kxc5 Kg2 50. Rxh2+ Kxh2 51. b4 g5 0-1

[Event "Medellin Castro Memorial op-A 31st"]
[Site "Medellin"]
[Date "2024.08.07"]
[Round "2"]
[White "Lucio Pinzon, Santiago"]
[Black "Salcedo Perez, Pablo Esteban"]
[Result "0-1"]
[WhiteElo "1722"]
[BlackElo "2097"]
[PlyCount "54"]
[EventDate "2024.08.07"]
[EventType "swiss"]
[EventRounds "10"]
[EventCountry "COL"]
[SourceTitle "CBM 221 Extra"]
[Source "ChessBase"]
[SourceDate "2024.09.30"]
[SourceVersion "1"]
[SourceVersionDate "2024.09.30"]
[SourceQuality "1"]

1. e4 c5 2. Nf3 d6 3. d4 Nf6 4. Nc3 cxd4 5. Nxd4 a6 6. f3 e6 7. Bc4 b5 8. Bb3 Nbd7 9. Be3 Bb7 10. Qd2 b4 11. Nce2 d5 12. exd5 Nxd5 13. Bxd5 Bxd5 14. 0-0 Bc5 15. Nf4 Nb6 16. b3 Bb7 17. Rfe1 0-0 18. Bf2 Re8 19. Re5 Bd6 20. Rh5 Qf6 21. Nd3 Nd5 22. Re1 Rad8 23. Ne5 g6 24. Qh6 gxh5 25. Qxh5 Bxe5 26. Rxe5 Nf4 27. Rg5+ Ng6 0-1

[Event "American Continental Rapid 18th"]
[Site "Medellin"]
[Date "2024.06.01"]
[Round "2"]
[White "Lucio Pinzon, Santiago"]
[Black "Chaucanes, Lina Marcela"]
[Result "0-1"]
[WhiteElo "1579"]
[BlackElo "2026"]
[PlyCount "58"]
[EventDate "2024.06.01"]
[EventType "swiss (rapid)"]
[EventRounds "9"]
[EventCountry "COL"]
[SourceTitle "CBM 220 Extra"]
[Source "ChessBase"]
[SourceDate "2024.07.31"]
[SourceVersion "1"]
[SourceVersionDate "2024.07.31"]
[SourceQuality "1"]

1. e4 c5 2. Nf3 e6 3. d4 cxd4 4. Nxd4 a6 5. Bc4 b5 6. Bb3 Bb7 7. f3 Qc7 8. a3 Bc5 9. Be3 Qb6 10. Nc3 Nc6 11. Nxc6 Bxe3 12. Ne5 Bf2+ 13. Kf1 Nf6 14. Ne2 0-0 15. Nd3 Be3 16. h4 d5 17. e5 Nd7 18. Qe1 f6 19. Qg3 fxe5 20. Nxe5 Nxe5 21. Qxe5 Rf5 22. Qg3 Raf8 23. Rh3 e5 24. Qg4 e4 25. Qxe4 Kh8 26. Qg4 a5 27. Ng3 Bg1 28. Ke2 Qf2+ 29. Kd3 Qe3# 0-1

[Event "American Continental 18th"]
[Site "Medellin"]
[Date "2024.05.29"]
[Round "8"]
[White "Guerrero Avila, Hernando"]
[Black "Lucio Pinzon, Santiago"]
[Result "0-1"]
[WhiteElo "1745"]
[BlackElo "1563"]
[PlyCount "36"]
[EventDate "2024.05.24"]
[EventType "swiss"]
[EventRounds "11"]
[EventCountry "COL"]
[SourceTitle "CBM 220 Extra"]
[Source "ChessBase"]
[SourceDate "2024.07.31"]
[SourceVersion "1"]
[SourceVersionDate "2024.07.31"]
[SourceQuality "1"]

1. d4 d5 2. c4 e6 3. Nc3 Be7 4. e3 Nf6 5. Bd3 b6 6. cxd5 exd5 7. h3 Bb7 8. Nf3 c5 9. 0-0 0-0 10. dxc5 bxc5 11. b3 Nc6 12. Bb2 a6 13. Ne2 Qc7 14. Rc1 Qa5 15. Bb1 Rad8 16. Qc2 Ne4 17. Ng3 f5 18. Nh4 g6 0-1

[Event "American Continental Blitz 18th"]
[Site "Medellin"]
[Date "2024.05.29"]
[Round "2"]
[White "Lucio Pinzon, Santiago"]
[Black "Morales Perez, Ghisell Gabriela"]
[Result "0-1"]
[WhiteElo "1563"]
[BlackElo "1845"]
[PlyCount "62"]
[EventDate "2024.05.29"]
[EventType "swiss (blitz)"]
[EventRounds "9"]
[EventCountry "COL"]
[SourceTitle "CBM 220 Extra"]
[Source "ChessBase"]
[SourceDate "2024.07.31"]
[SourceVersion "1"]
[SourceVersionDate "2024.07.31"]
[SourceQuality "1"]

1. e4 c5 2. Nf3 d6 3. d4 cxd4 4. Nxd4 Nf6 5. Nc3 a6 6. Bc4 e6 7. Be3 Be7 8. f3 Qc7 9. Bb3 Nbd7 10. Qd2 h5 11. a3 b5 12. 0-0-0 Bb7 13. Rhg1 Nc5 14. h3 h4 15. g4 hxg3 16. Rxg3 g6 17. Rh1 Rc8 18. Kb1 Nxb3 19. Nxb3 Nd7 20. f4 Nc5 21. Nxc5 dxc5 22. Qf2 b4 23. axb4 cxb4 24. Nd1 Bxe4 25. Rhg1 Bxc2+ 26. Kc1 Bh4 27. Bb6 Bxg3 28. Rxg3 Qc6 29. Bd4 Bxd1+ 30. Kxd1 Qc1+ 31. Ke2 Rc2+ 0-1

[Event "American Continental 18th"]
[Site "Medellin"]
[Date "2024.05.25"]
[Round "2"]
[White "Gallego Herrera, Santiago"]
[Black "Lucio Pinzon, Santiago"]
[Result "1-0"]
[WhiteElo "1835"]
[BlackElo "1563"]
[PlyCount "66"]
[EventDate "2024.05.24"]
[EventType "swiss"]
[EventRounds "11"]
[EventCountry "COL"]
[SourceTitle "CBM 220 Extra"]
[Source "ChessBase"]
[SourceDate "2024.07.31"]
[SourceVersion "1"]
[SourceVersionDate "2024.07.31"]
[SourceQuality "1"]

1. d4 d5 2. Nf3 e6 3. g3 Be7 4. Bg2 Nf6 5. 0-0 b6 6. c4 0-0 7. cxd5 exd5 8. Nc3 Bb7 9. Bf4 Nbd7 10. Rc1 c5 11. Qc2 Rc8 12. Rfd1 Ne4 13. Nxe4 dxe4 14. Ne5 cxd4 15. Qa4 Rxc1 16. Rxc1 Nxe5 17. Bxe5 Bc5 18. Rd1 Qe8 19. Qxe8 Rxe8 20. Bxd4 Rd8 21. e3 f5 22. Bf1 Bxd4 23. Bc4+ Kf8 24. Rxd4 Rxd4 25. exd4 g5 26. b4 h6 27. Kf1 Ke7 28. Ke2 Kd6 29. a3 Bd5 30. Ba6 f4 31. Kd2 h5 32. Kc3 e3 33. fxe3 fxe3 1-0

[Event "Medellin Antioquia-ch"]
[Site "Medellin"]
[Date "2024.05.04"]
[Round "5"]
[White "Lucio Pinzon, Santiago"]
[Black "Zapata Uribe, Juan Sebastian"]
[Result "0-1"]
[WhiteElo "1558"]
[BlackElo "1713"]
[PlyCount "74"]
[EventDate "2024.05.01"]
[EventType "swiss"]
[EventRounds "7"]
[EventCountry "COL"]
[SourceTitle "CBM 220 Extra"]
[Source "ChessBase"]
[SourceDate "2024.07.31"]
[SourceVersion "1"]
[SourceVersionDate "2024.07.31"]
[SourceQuality "1"]

1. e4 c5 2. Nf3 Nc6 3. d4 cxd4 4. Nxd4 e5 5. Nb3 d6 6. Nc3 Nf6 7. f3 Be7 8. Be3 0-0 9. Qd2 a6 10. Bd3 Nh5 11. Nd5 Be6 12. Nxe7+ Qxe7 13. 0-0-0 a5 14. g4 Nf6 15. Kb1 Nb4 16. a3 Nxd3 17. Qxd3 Rfd8 18. h4 b5 19. Qxb5 Rdb8 20. Qd3 a4 21. Na1 Qb7 22. Bc1 d5 23. exd5 Nxd5 24. b3 axb3 25. cxb3 Qc6 26. Bb2 Nf4 27. Qe3 f6 28. g5 Nd5 29. Qe1 Bf5+ 30. Nc2 Qxc2+ 31. Ka1 Nb4 32. Rd8+ Rxd8 33. Qxb4 Rd1+ 34. Rxd1 Qxd1+ 35. Bc1 Qxc1+ 36. Ka2 Qc2+ 37. Ka1 Qb1# 0-1

[Event "Medellin Antioquia-ch"]
[Site "Medellin"]
[Date "2024.05.01"]
[Round "2"]
[White "Laverde, Luis Eduardo"]
[Black "Lucio Pinzon, Santiago"]
[Result "1-0"]
[WhiteElo "1953"]
[BlackElo "1558"]
[PlyCount "115"]
[EventDate "2024.05.01"]
[EventType "swiss"]
[EventRounds "7"]
[EventCountry "COL"]
[SourceTitle "CBM 220 Extra"]
[Source "ChessBase"]
[SourceDate "2024.07.31"]
[SourceVersion "1"]
[SourceVersionDate "2024.07.31"]
[SourceQuality "1"]

1. e4 e5 2. Nf3 Nc6 3. Bb5 Bc5 4. 0-0 d6 5. d4 exd4 6. Nxd4 Bd7 7. Nxc6 bxc6 8. Bd3 h6 9. Nc3 Ne7 10. Na4 Bd4 11. c3 Bf6 12. f4 0-0 13. Be3 c5 14. Bc2 Rb8 15. e5 Bxa4 16. exf6 Bxc2 17. Qxc2 Nd5 18. fxg7 Nxe3 19. gxf8Q+ Qxf8 20. Qe2 Nxf1 21. Rxf1 Re8 22. Qa6 Qe7 23. h3 Qe3+ 24. Rf2 Qe1+ 25. Rf1 Qe3+ 26. Rf2 Qe1+ 27. Qf1 Qxf1+ 28. Kxf1 Re4 29. g3 Re3 30. Kg2 d5 31. Rd2 d4 32. cxd4 cxd4 33. Kf2 c5 34. Rc2 Rd3 35. Rxc5 Rd2+ 36. Kf3 Rxb2 37. Ra5 Rh2 38. Rxa7 d3 39. Rd7 Rxa2 40. Rxd3 Kg7 41. g4 Ra5 42. Kg3 Rb5 43. Kh4 Rb6 44. Kh5 Rg6 45. h4 Rf6 46. f5 Kh7 47. Rd5 Kg7 48. g5 hxg5 49. hxg5 Rc6 50. f6+ Kh7 51. Rd7 Kg8 52. Kh6 Rc8 53. g6 fxg6 54. Kxg6 Rb8 55. Rg7+ Kf8 56. Rh7 Ke8 57. Rh8+ Kd7 58. Rxb8 1-0

[Event "Medellin op"]
[Site "Medellin"]
[Date "2024.04.14"]
[Round "6"]
[White "Gonzalez Cardona, Luis Fernando"]
[Black "Lucio Pinzon, Santiago"]
[Result "1-0"]
[WhiteElo "1758"]
[BlackElo "1558"]
[PlyCount "81"]
[EventDate "2024.04.10"]
[EventType "swiss"]
[EventRounds "7"]
[EventCountry "COL"]
[SourceTitle "EXT 2025"]
[Source "ChessBase"]
[SourceDate "2024.10.14"]
[SourceVersion "1"]
[SourceVersionDate "2024.10.14"]
[SourceQuality "1"]

1. e4 e5 2. Nf3 Nc6 3. d4 exd4 4. Nxd4 Bc5 5. Nb3 Bb6 6. Nc3 h6 7. Qe2 d6 8. Be3 Nf6 9. 0-0-0 Qe7 10. f3 Be6 11. Kb1 0-0-0 12. Bxb6 axb6 13. Nd4 Nxd4 14. Rxd4 c6 15. g3 b5 16. Bg2 Bc4 17. Bh3+ Kb8 18. Qe3 c5 19. Rd2 b4 20. Ne2 b6 21. Rhd1 Ne8 22. Nf4 Nc7 23. b3 Nb5 24. bxc4 Na3+ 25. Kc1 Qe5 26. c3 Nxc4 27. Qd3 Nxd2 28. Rxd2 bxc3 29. Rc2 Qd4 30. Qf1 Kb7 31. Nd5 c4 32. f4 Ra8 33. e5 Ra5 34. Nxc3 d5 35. Bg2 Rd8 36. Qe1 Rda8 37. e6 fxe6 38. Qxe6 Qg1+ 39. Kb2 Qd4 40. Bxd5+ Ka6 41. Bxa8 1-0

[Event "Medellin op"]
[Site "Medellin"]
[Date "2024.04.14"]
[Round "7"]
[White "Lucio Pinzon, Santiago"]
[Black "Ortiz Valencia, Sofia"]
[Result "1-0"]
[WhiteElo "1558"]
[BlackElo "1512"]
[PlyCount "87"]
[EventDate "2024.04.10"]
[EventType "swiss"]
[EventRounds "7"]
[EventCountry "COL"]
[SourceTitle "EXT 2025"]
[Source "ChessBase"]
[SourceDate "2024.10.14"]
[SourceVersion "1"]
[SourceVersionDate "2024.10.14"]
[SourceQuality "1"]

1. e4 e5 2. Nf3 Nc6 3. Bc4 Nf6 4. d3 Be7 5. c3 d5 6. exd5 Nxd5 7. h3 Nf6 8. Be3 Bd6 9. Bb3 Bd7 10. Nbd2 Be6 11. Bc2 a6 12. 0-0 0-0 13. d4 exd4 14. Nxd4 Nxd4 15. Bxd4 Re8 16. Nf3 Bc4 17. Re1 Rxe1+ 18. Qxe1 Qd7 19. Bxf6 gxf6 20. Qe4 f5 21. Qxc4 Kf8 22. Qh4 Qe6 23. Qxh7 Qg6 24. Qh8+ Qg8 25. Qxg8+ Kxg8 26. Bxf5 Re8 27. Re1 Rd8 28. Re4 b6 29. Rg4+ Kf8 30. Ng5 Be5 31. f4 Rd1+ 32. Kf2 Bd6 33. Nf3 Bc5+ 34. Ke2 Rb1 35. Bxb1 a5 36. h4 b5 37. h5 b4 38. h6 bxc3 39. h7 cxb2 40. h8Q+ Ke7 41. Qe5+ Kd7 42. Qxc5 Kc8 43. Rg8+ Kd7 44. Bf5# 1-0

[Event "Medellin Antioquia-ch"]
[Site "Medellin"]
[Date "2023.04.26"]
[Round "6"]
[White "Lucio Pinzon, Santiago"]
[Black "Sanabria, Edgar"]
[Result "0-1"]
[WhiteElo "1154"]
[BlackElo "1555"]
[PlyCount "22"]
[EventDate "2023.04.18"]
[EventType "swiss"]
[EventRounds "7"]
[EventCountry "COL"]
[SourceTitle "EXT 2024"]
[Source "ChessBase"]
[SourceDate "2023.10.10"]
[SourceVersion "1"]
[SourceVersionDate "2023.10.10"]
[SourceQuality "1"]

1. e4 d5 2. exd5 Qxd5 3. Nc3 Qd6 4. Nf3 Bg4 5. d4 c6 6. Be2 Nf6 7. h3 Bh5 8. g4 Bg6 9. Be3 e6 10. Qd2 Nbd7 11. 0-0-0 Nd5 0-1

[Event "COL-ch U12"]
[Site "Choconta"]
[Date "2023.03.18"]
[Round "2"]
[White "Lucio Pinzon, Santiago"]
[Black "Ayala Delgado, Sergio Alejandro"]
[Result "0-1"]
[WhiteElo "1145"]
[BlackElo "1704"]
[PlyCount "53"]
[EventDate "2023.03.17"]
[EventType "swiss"]
[EventRounds "7"]
[EventCountry "COL"]
[SourceTitle "CBM 213 Extra"]
[Source "ChessBase"]
[SourceDate "2023.05.31"]
[SourceVersion "1"]
[SourceVersionDate "2023.05.31"]
[SourceQuality "1"]

1. e4 e5 2. Nf3 Nc6 3. Bc4 Bc5 4. c3 Nf6 5. d4 exd4 6. e5 d5 7. Bb5 Ne4 8. cxd4 Bb6 9. Nc3 Bf5 10. Be3 0-0 11. Bxc6 bxc6 12. Na4 Ba5+ 13. Bd2 Nxd2 14. Nxd2 Qg5 15. g3 Bg4 16. Qc2 Bf3 17. Rg1 f6 18. Nc5 fxe5 19. Ne6 Qe7 20. Kf1 Qxe6 21. Nxf3 Rxf3 22. Kg2 Raf8 23. Rgf1 e4 24. Qe2 Bb6 25. Rad1 Qf6 26. Rde1 Bxd4 27. Rh1 0-1

[Event "Medellin Feria de las Flores op"]
[Site "Medellin"]
[Date "2022.08.06"]
[Round "7"]
[White "Lucio Pinzon, Santiago"]
[Black "Arbelaez Gil, Omar Ignacio de Jes"]
[Result "0-1"]
[WhiteElo "1243"]
[BlackElo "1157"]
[PlyCount "68"]
[EventDate "2022.08.03"]
[EventType "swiss"]
[EventRounds "9"]
[EventCountry "COL"]
[SourceTitle "CBM 209 Extra"]
[Source "ChessBase"]
[SourceDate "2022.09.30"]
[SourceVersion "1"]
[SourceVersionDate "2022.09.30"]
[SourceQuality "1"]

1. e4 e5 2. Nf3 Nf6 3. Nxe5 Nxe4 4. Qe2 d6 5. Nf3 Qe7 6. d3 Nf6 7. Qxe7+ Bxe7 8. Nc3 0-0 9. d4 Bf5 10. Bd3 Bxd3 11. cxd3 Nc6 12. a3 Na5 13. b4 Nb3 14. Rb1 Nxc1 15. Rxc1 Rfe8 16. 0-0 Bf8 17. d5 Rac8 18. d4 c6 19. dxc6 Rxc6 20. d5 Rcc8 21. h3 g6 22. a4 Bh6 23. Rc2 Nxd5 24. Nxd5 Rxc2 25. Nf6+ Kf8 26. Nxe8 Kxe8 27. Rd1 Rc1 28. Rxc1 Bxc1 29. Kf1 Ba3 30. b5 f6 31. Ke2 Kd7 32. Kd3 Ke6 33. g4 h6 34. Nh4 Ke5 0-1